Bundesliga Abschlusstabelle 2025 - Statistiken

Allgemein
  • Dieses Quiz wurde 154 mal gespielt
  • Das Durchschnittsergebnis liegt bei 15 aus 18
Antwortstatistiken
# Verein X:X TD Punkte % Korrekt
1 FC Bayern München 99:32 +67 82
100%
2 Bayer 04 Leverkusen 72:43 +29 69
99%
4 Borussia Dortmund 71:51 +20 57
97%
3 Eintracht Frankfurt 68:46 +22 60
97%
5 SC Freiburg 49:53 -4 55
93%
16 1. FC Heidenheim 37:64 -27 29
88%
6 1. FSV Mainz 05 55:43 +12 52
85%
18 VfL Bochum 33:67 -34 25
85%
7 RB Leipzig 53:48 +5 51
83%
8 SV Werder Bremen 54:57 -3 51
82%
15 TSG 1899 Hoffenheim 46:68 -22 32
82%
17 KSV Holstein Kiel 49:80 -31 25
81%
11 VfL Wolfsburg 56:54 +2 43
80%
12 FC Augsburg 35:51 -16 43
79%
14 FC St. Pauli 28:41 -13 32
79%
13 1. FC Union Berlin 35:51 -16 40
78%
10 Borussia Mönchengladbach 55:57 -2 45
78%
9 VfB Stuttgart 64:53 +9 50
77%
Keine übereinstimmenden Quizze gefunden
Verteilung der Resultate
Anzahl Personen mit jedem Resultat
Perzentil nach korrekt beantworteten Fragen
Ihre Resultats-Entwicklung
Sie haben dieses Quiz noch nicht gespielt